[Event "Leitersdorf Region-ch"]
[Site "Leitersdorf"]
[Date "2017.01.08"]
[Round "5.15"]
[White "Buttenhauser, Roland"]
[Black "Lackner, Andreas"]
[Result "1-0"]
[WhiteElo "1876"]
[BlackElo "1322"]
[PlyCount "27"]
[EventDate "2017.01.04"]
[EventType "swiss"]
[EventRounds "5"]
[EventCountry "AUT"]
[SourceTitle "EXT 2024"]
[Source "ChessBase"]
[SourceDate "2023.10.10"]
[SourceVersion "1"]
[SourceVersionDate "2023.10.10"]
[SourceQuality "1"]

1. d4 f5 2. c4 Nf6 3. Nc3 g6 4. g3 Bg7 5. Bg2 0-0 6. Nh3 Qe8 7. Bf4 d6 8. d5 e5 9. dxe6 Qxe6 10. Qb3 Ne4 11. Ng5 Nc5 12. Nxe6 Nxb3 13. axb3 Rf7 14. Nxg7 1-0

[Event "Leitersdorf op"]
[Site "Leitersdorf"]
[Date "2016.01.04"]
[Round "3"]
[White "Toelly, Michael"]
[Black "Buttenhauser, Roland"]
[Result "1/2-1/2"]
[WhiteElo "2001"]
[BlackElo "1895"]
[PlyCount "37"]
[EventDate "2016.01.02"]
[EventType "swiss"]
[EventRounds "5"]
[EventCountry "AUT"]
[SourceTitle "CBM 170 Extra"]
[Source "ChessBase"]
[SourceDate "2016.02.25"]
[SourceVersion "1"]
[SourceVersionDate "2016.02.25"]
[SourceQuality "1"]

1. e4 c5 2. c3 d5 3. exd5 Qxd5 4. d4 Nf6 5. Nf3 Bg4 6. Be2 Nc6 7. c4 Qf5 8. d5 Bxf3 9. Bxf3 Nd4 10. Na3 Nxf3+ 11. Qxf3 Qxf3 12. gxf3 a6 13. Be3 Nd7 14. Ke2 g6 15. Rab1 e5 16. Rhe1 Bd6 17. Bd2 0-0 18. b4 b5 19. Kf1 1/2-1/2

[Event "Leitersdorf Region-ch"]
[Site "Leitersdorf"]
[Date "2014.01.05"]
[Round "4"]
[White "Prato, Simon"]
[Black "Buttenhauser, Roland"]
[Result "0-1"]
[WhiteElo "1513"]
[BlackElo "2018"]
[PlyCount "112"]
[EventDate "2014.01.02"]
[EventType "swiss"]
[EventRounds "5"]
[EventCountry "AUT"]
[SourceTitle "CBM 158 Extra"]
[Source "ChessBase"]
[SourceDate "2014.02.28"]
[SourceVersion "1"]
[SourceVersionDate "2014.02.28"]
[SourceQuality "1"]

1. e4 c5 2. c3 d5 3. exd5 Qxd5 4. d4 cxd4 5. cxd4 e6 6. Nc3 Bb4 7. a3 Bxc3+ 8. bxc3 Nc6 9. Bd3 Qxg2 10. Qf3 Qxf3 11. Nxf3 Nge7 12. Rg1 Ng6 13. h4 h5 14. Bxg6 fxg6 15. Rxg6 Rg8 16. Rg5 g6 17. Ne5 Nxe5 18. Rxe5 b6 19. Bg5 Kf7 20. Kd2 Bb7 21. Rae1 Bd5 22. Kd3 Rac8 23. Rc1 Rc4 24. Re3 Rgc8 25. Bh6 Ra4 26. Ra1 Rh8 27. Bg5 Rf8 28. Bh6 Rh8 29. Bg5 Ke8 30. Rg3 Rf8 31. f4 Kf7 32. Rgg1 Rc8 33. Rgc1 Rc6 34. Rc2 b5 35. Rb2 Rca6 36. Rb4 Bc4+ 37. Kd2 Rxa3 38. Rxa3 Rxa3 39. Rb2 a6 40. Bd8 Ra1 41. Ke3 a5 42. Ke4 Re1+ 43. Kf3 a4 44. Kf2 Rc1 45. Kg2 a3 46. Rd2 a2 47. Rxa2 Bxa2 48. Ba5 Kf6 49. Kf3 Kf5 50. Bb4 Bc4 51. Ba5 Rd1 52. Ke3 Rd3+ 53. Kf2 Kxf4 54. Bd8 Rxc3 55. Ke1 Rc2 56. Bg5+ Ke4 0-1

[Event "Leitersdorf Region-ch"]
[Site "Leitersdorf"]
[Date "2014.01.02"]
[Round "1"]
[White "Steiner, Paul Mario"]
[Black "Buttenhauser, Roland"]
[Result "0-1"]
[WhiteElo "1667"]
[BlackElo "2018"]
[PlyCount "98"]
[EventDate "2014.01.02"]
[EventType "swiss"]
[EventRounds "5"]
[EventCountry "AUT"]
[SourceTitle "CBM 158 Extra"]
[Source "ChessBase"]
[SourceDate "2014.02.28"]
[SourceVersion "1"]
[SourceVersionDate "2014.02.28"]
[SourceQuality "1"]

1. d4 Nf6 2. Nf3 d6 3. g3 Bg4 4. Bg2 Qc8 5. c4 Bh3 6. 0-0 Bxg2 7. Kxg2 g6 8. Nc3 Bg7 9. e4 0-0 10. Be3 Ng4 11. Qd2 Nxe3+ 12. Qxe3 Nd7 13. b4 e5 14. dxe5 dxe5 15. Nd5 Re8 16. Rfd1 c6 17. Nc3 Nf6 18. Rd3 Qe6 19. c5 Bf8 20. Rad1 Qc4 21. a3 a5 22. Nd2 Qe6 23. Ndb1 axb4 24. axb4 Qc4 25. Nd2 Qe6 26. Rb1 Ra3 27. Nd1 Rxd3 28. Qxd3 h5 29. Nf3 Be7 30. Qe2 Rd8 31. Nc3 Rd4 32. Nxd4 exd4 33. Nd1 Ng4 34. f3 Ne5 35. Nf2 Nc4 36. Nd1 f5 37. Rc1 Na3 38. Kf2 Bg5 39. Ra1 Nb5 40. exf5 Qxf5 41. Ra8+ Kg7 42. Qe4 Qh3 43. Kg1 Nc3 44. Qxd4+ Bf6 45. Qd3 h4 46. Rb8 hxg3 47. Rxb7+ Kh6 48. Qd2+ g5 49. Nxc3 Bd4+ 0-1